000 01616nam a2200493 i 4500
001 15410
003 KOSZ 005
005 20200629112702.0
008 200414s1968 pl a f 000 0 pol
015 _aUWD 1968/8632
035 _a991037523869705066
035 _a(PL-WaBN)b20061845-48omnis_nlop
035 _ab20061845
035 _a(OCoLC)839013410
035 _a(PL)b0000002006184
035 _a(EXLNZ-48OMNIS_NETWORK)9910268342805606
040 _aWA N
_cWA N
_dKOSZ 005/RW
046 _k1968
080 _a62
080 _a519.2
100 1 _aOderfeld, Jan
_d(1908-2010)
_eAutor
245 1 0 _aPodstawy prac doświadczalnych /
_cJan Oderfeld.
260 _aWarszawa :
_bPolitechnika Warszawska,
_c1968.
300 _a154 strony, :
_bilustracje ;
_c24 cm.
336 _aTekst
_btxt
_2rdacontent
337 _aBez urządzenia pośredniczącego
_bn
_2rdamedia
338 _aWolumin
_bnc
_2rdacarrier
380 _aKsiążki
380 _aPublikacje dydaktyczne
388 _a1901-2000
388 _a1945-1989
490 1 _aWydawnictwa Politechniki Warszawskiej
650 7 _aEksperymenty
_2DBN
650 7 _aTeoria
650 7 _aStatystyka matematyczna
_2DBN
655 7 _aPodręcznik
_2DBN
658 _aInżynieria i technika
658 _aMatematyka
710 2 _aOficyna Wydawnicza Politechniki Warszawskiej
_4pbl
830 0 _aWydawnictwa Politechniki Warszawskiej
856 _uhttp://koha.tu.koszalin.pl/cgi-bin/koha/opac-detail.pl?biblionumber=15410
_yKatalog online BPK
942 _2UKD
_cKS
999 _c15410
_d15410